000 00683nam a2200241Ia 4500
003 OSt
005 20220928104548.0
006 a|||||r|||| 00| 0
007 ta
008 220927b |||||||| |||| 00| 0 eng d
024 _a26686
037 _cTextual
040 _aSDCL
_cSDCL
_beng
041 _2eng
_aeng
082 _aQ127:4x1,1, L3
100 _aSharma B R
_9365039
245 0 _aPratihara sutra with dashatayi of varadaraja.
260 _aTirupati
_bKendriya sanskrit Vidyapeetha
_c1973
300 _a289p.
_ccm.
490 _aKendriya Sanskrit Vidyapeetha Series 19
942 _hQ127:4x1,1, L3
_cTEXL
_2CC
999 _c726696
_d726696